00519nam a2200181Ia 450000500170000000800410001702000100005804000190006804100120008708200160009910000280011524500810014326000360022430000110026050400360027165000200030785000100032720221126123520.0131103s9999 xx 000 0 und d cRs.12 aLoreto College aEnglish a954.14bSAR aSarkar,Jagadish Narayan aIslam in Bengal ( thirteenth to nineteenth century)cJagadish Narayan Sarkar aCalcuttabRatna Prakashanc1972 a92 p.  aIncludes index and bibliography aIslam In Bengal aLCLIN